00871nam a2200205Ia 4500003000900000008004100009020001900050040001600069080002600085110004000111245020400151260005600355300002300411490003600434650002200470650001900492942000700511999001500518952013200533IN-BaIIA211028s9999 xx 000 0 eng d a9399-261-07601 cIIA Library a(035)621.38bPDH-69:5 aPhilips Gloeilanapenfabrieken96245 0aPhillps data and Handbookbpt. 5, components and materials- magnetic heads, quartz crystals, microwave devices variable main transformers, electro-mechanical componentscPhilips Gloeilanapenfabrieken aNetherlandbTechnical Publications Departmentc1969 a[various pagings.] aComponents and Materials Part 5 aElectronics91576 aNASA Thesaurus cBK c3528d3528 00102ddc4070aBANbBANcGENd1970-07-16g13.20l0o(035)621.38/ PDH-69:5p3939r2021-11-05v13.20w1970-07-16yBKGRs. 13.20